| 000 | 01312nam a2200337 a 4500 | ||
|---|---|---|---|
| 001 | 81891 | ||
| 003 | BD-RjUL | ||
| 005 | 20230911113418.0 | ||
| 008 | 230911s2016 ii bl 101 0 eng | ||
| 020 | _a9789351453376 | ||
| 035 | _a(BD-RjUL)81891 | ||
| 040 |
_aDLC _beng _cDLC _erda _dDLC _dBD-RjUL |
||
| 041 | _aeng | ||
| 082 |
_223 _a577.22 _bCLI 2016 |
||
| 111 | 2 |
_aInternational Conference on "Mitigation of Climate Change: Law, Policy and Governance" _d(2014 : _cCampus Law Centre, University of Delhi), _jauthor. _98899 |
|
| 245 | 1 | 0 |
_aClimate change : _blaw, policy and governance / _ceditor, Prof. (Dr.) Usha Tandon. |
| 264 | 1 |
_aLucknow : _bEastern Book Company, _c2016. |
|
| 300 |
_axlvi, 343 pages ; _c24 cm |
||
| 336 |
_atext _btxt _2rdacontent |
||
| 337 |
_aunmediated _bn _2rdamedia |
||
| 338 |
_avolume _bnc _2rdacarrier |
||
| 500 | _aContributed articles. | ||
| 504 | _aIncludes bibliographical references (pages 335-338) and index. | ||
| 650 | 0 |
_aClimatic changes _xLaw and legislation _98900 |
|
| 650 | 0 |
_aGlobal warming _xLaw and legislation _98901 |
|
| 650 | 0 |
_aClimate change mitigation _xInternational cooperation _98902 |
|
| 700 | 1 |
_aTandon, Usha, _eeditor. _98903 |
|
| 710 | 2 |
_aUniversity of Delhi. _bCampus Law Centre, _ehost institution. _98904 |
|
| 942 |
_2ddc _cBK |
||
| 999 |
_c81891 _d81891 |
||